| 000 | 01136nam a2200277 a 4500 | ||
|---|---|---|---|
| 001 | 000016640 | ||
| 003 | DO-SdBNP | ||
| 005 | 20231115112932.0 | ||
| 008 | 100308s2001 dr 000 0 spa d | ||
| 040 |
_aDO-SdBNP _bspa _cBNPHU |
||
| 082 | 4 |
_a331.297286 _bP592v _222 |
|
| 100 | 1 |
_aPichardo Muñiz, Arlette, _d1957- _94580 |
|
| 245 | 1 | 0 |
_aValor del trabajo doméstico y su aporte al producto nacional (El caso Costa Rica) / _cAgnes Mirqueya Mateo P. ; prólogo, Arlette Pichardo Muñiz. |
| 260 |
_aSanto Domingo : _bMediabyte, _c2001. |
||
| 300 |
_a136 p. ; _c21 cm. |
||
| 500 | _aIncluye datos biográficos del autor en las solapas | ||
| 500 | _aIncluye referencias bibliográficas y notas al pie de las páginas. | ||
| 504 | _aBibliografia : p. 109-119 | ||
| 590 | _aInventariado, 2018/VM | ||
| 650 | 4 |
_aServicio doméstico _zCosta Rica _xCondiciones sociales _936964 |
|
| 650 | 4 |
_aServicio doméstico _zCosta Rica _xCondiciones economicas _936965 |
|
| 650 | 4 |
_aCalidad de vida en el trabajo _936966 |
|
| 700 | 1 | 2 |
_aPichardo Muñiz, Arlette, _d1957- _epról. _94580 |
| 910 | _aValidado. Control de calidad MFF | ||
| 942 |
_2ddc _cLBS1 |
||
| 999 |
_c16173 _d16173 |
||